000
00347nam a2200145Ia 4500
003
SEM
008
141116s9999 xx 000 0 und d
080
_a
891.981 Ս-15
100
_a
Սահյան Համո
245
_a
Բանաստեղծություններ Հ. Ա
260
_a
Երևան
260
_c
1967
300
_a
426
942
_2
udc
_c
BK
999
_c
46594
_d
46594